Größte Fußballstadien im Vereinigten Königreich - Statistiken

Allgemein
  • Dieses Quiz wurde 48 mal gespielt
  • Das Durchschnittsergebnis liegt bei 8 aus 20
Antwortstatistiken
Kapazität Stadion % Korrekt
74,310 Old Trafford
93%
90,000 Wembley Stadium
93%
61,015 Anfield
88%
60,260 Emirates Stadium
83%
53,400 Etihad Stadium
71%
41,841 Stamford Bridge
69%
62,850 Tottenham Hotspur Stadium
50%
62,500 London Stadium
48%
42,573 Villa Park
45%
52,404 St James' Park
43%
40,394 Goodison Park
36%
60,411 Celtic Park
24%
48,339 Stadium of Light
21%
51,866 Hampden Park
19%
50,817 Ibrox Stadium
17%
37,890 Elland Road
12%
39,732 Hillsborough Stadium
7%
33,280 Cardiff City Stadium
5%
34,742 Riverside Stadium
5%
33,597 Pride Park Stadium
2%
Keine übereinstimmenden Quizze gefunden
Verteilung der Resultate
Anzahl Personen mit jedem Resultat
Perzentil nach korrekt beantworteten Fragen
Ihre Resultats-Entwicklung
Sie haben dieses Quiz noch nicht gespielt